Formaciones identitarias en lugares de trabajo precario : un estudio sobre pasantes de la administración pública de la provincia de Buenos Aires, 2008-2012 (tesis doctoral)

Guardado en:
Autor Principal: Adamini, Marina.
Formato: Libro
Idioma:Spanish
Publicado: La Plata : UNLP : FaHCE, 2014.
Materias:
Acceso en línea:Acceso a texto completo
Etiquetas: Agregar Etiqueta
Sin Etiquetas, Sea el primero en etiquetar este registro!
LEADER 03272nam a22002535a 4500
001 EHU.bham050239
008 210617s2014####ag######s#####000#0#spa#d
005 20210620224624.0
245 1 3 |a Formaciones identitarias en lugares de trabajo precario :  |b un estudio sobre pasantes de la administración pública de la provincia de Buenos Aires, 2008-2012 (tesis doctoral)  |h [recurso electrónico] /  |c Marina Adamini. 
260 |a La Plata :  |b UNLP :  |b FaHCE,  |c 2014. 
300 |a 1 recurso en línea (333 p.) 
500 |a "Esta tesis se propone contribuir a la comprensión del proceso de precarización en el mundo del trabajo y sus implicancias en la construcción identitaria de jóvenes trabajadores, a partir de un estudio sobre pasantes universitarios de la administración pública bonaerense. Entendemos a la precarización como un proceso ofensivo sobre los trabajadores que atraviesa no sólo sus contratos, sino también sus subjetividades y relaciones laborales. Nuestro principal interrogante refiere al papel que tiene el trabajo precario como elemento formativo de las identificaciones laborales de los jóvenes y sus repercusiones sobre los sentidos, acciones y organizaciones, desplegados en los lugares de trabajo. Realizamos un estudio de caso focalizado en pasantes de la Agencia de Recaudación de la Provincia de Buenos Aires (ARBA), ubicada en la ciudad de La Plata, entre los años 2008 y 2012. Desde un abordaje cualitativo, analizamos su proceso de construcción identitaria de forma relacional entre sus dimensiones sociales y biográficas, a la luz del "contexto de acción" y la "trayectoria subjetiva" de los pasantes. Tomamos en consideración las identificaciones atribuidas e incorporadas, las lógicas de diferenciación y equivalencia desplegadas en el proceso de selección de los referenciales identitarios, y las formas de identificación y acción colectiva desarrollados. Nuestro principal hallazgo resultó que las condiciones de precarización laboral en que los pasantes se forman identitariamente como trabajadores no condujeron a la naturalización de las mismas, sino que muchos de sus referenciales de posicionamiento identitario se encontraban anclados en el imaginario de una sociedad salarial pasada, caracterizada por estabilidades y protecciones laborales. Estas identificaciones movilizaron en ellos acciones y organizaciones colectivas, que si bien se desarrollaron de forma fragmentada, dan cuenta del carácter relacional del proceso de precarización laboral y del carácter político de las identificaciones, como espacios de disputa de las relaciones de poder en la con-formación y trans-formación del mundo del trabajo.". 
538 |a Modo de acceso: internet 
500 |a Descripción basada en el recurso en línea. Título tomado de la portada PDF (visto el 17 de junio de 2021). 
100 1 |a Adamini, Marina. 
082 0 4 |a 306.4 
653 |a Precarización laboral 
653 |a Administración pública provincial 
653 |a Empleo público 
653 |a Juventud y trabajo 
655 4 |a Libros electrónicos 
651 7 |a Buenos Aires  |x provincia 
856 4 0 |u http://www.memoria.fahce.unlp.edu.ar/tesis/te.1014/te.1014.pdf  |y Acceso a texto completo 
859 |a AR-BHAM  |b BIB. HUMANIDADES - General  |h 306.4  |p nuevo-0